Statystyki dla Kształty największych państw pod względem ludności

Kliknij tutaj aby rozwiązać quiz!

Ogólne statystyki

  • Ten quiz został rozwiązany 16 379 razy
  • Średni wynik to 15 z 20

Statystyki odpowiedzi

Odpowiedź% Poprawnych
Stany Zjednoczone
98%
Japonia
95%
Chiny
93%
Egipt
88%
Niemcy
88%
Rosja
87%
Indie
85%
Indonezja
79%
Turcja
77%
Meksyk
76%
Brazylia
72%
Tajlandia
69%
Wietnam
69%
Filipiny
68%
Iran
65%
Pakistan
56%
Demokratyczna Republika Konga
49%
Etiopia
49%
Bangladesz
46%
Nigeria
41%

Rozkład punktacji

Percentyl według liczby udzielonych odpowiedzi

Procent ludzi z każdym wynikiem

Twoja historia wyników

Nie rozwiązałeś tego quizu